Colección de historiadores i de documentos relativos a la independencia de Chile

Kaydedildi:
Detaylı Bibliyografya
Materyal Türü: Kitap
Dil:İspanyolca
Baskı/Yayın Bilgisi: Santiago, Chile Cervantes 1900
Konular:
Etiketler: Etiketle
Etiket eklenmemiş, İlk siz ekleyin!

MARC

LEADER 00000nam a2200000 a 4500
001 UCO1529
003 CL-VaPUC
005 20220903073949.0
008 000519e19000000CL |||||||||||||||||spa|d
999 |c 288140  |d 288138 
040 |c Pontificia Universidad Católica de Valparaíso 
082 0 4 |a 983.04 COL 1900  |2 21 
245 1 0 |a Colección de historiadores i de documentos relativos a la independencia de Chile 
260 |a Santiago, Chile  |b Cervantes  |c 1900 
300 |a volúmenes 
500 |a Del v.1-20: Imprenta Cervantes; v.21-26: Imprenta Universitaria; v.27-28: Dirección General de Talleres Fiscales; v.29: Talleres Gráficos Condor; v.32-37: Imprenta Cultura; v.29-37: Publcados por Guillermo Feliu Cruz 
500 |a v.1: Diario Militar del jeneral don José Miguel Carrera 
500 |a v.2: Memoria sobre los pricipales sucesos de la revolución de Chile desde 1810 hasta 1814 
500 |a v.3: Historia de la revolución de Chile, 1810-1828 
500 |a v.4: Relación de la conducta observada por los padres misioneros del colejio de propaganda fide, de la ciudad de Chillan desde el año 1808 hasta 1814. Conducta militar i política del jeneral en jefe del ejercito del rei, en oposición con la de los caudillos que tiranizaban al reino de Chile 
500 |a v.5-v.6: Revista de la guerra de la independencia de Chile 
500 |a v.20: Proceso por la conspiración descubierta el 27 de noviembre de 1811 
500 |a v.26: El Monitor Araucano, 1813.-N.os 1 a 50 
500 |a v.7: Manifiesto que hace a los pueblos de Chile el ciudadano José Miguel Carrera. Un aviso a los pueblos de Chile. Dos cartas a un amigo de uno de los corresponsales de Chile 
500 |a v.11: Revista de la guerra de la independencia de Chile 
500 |a v.13: Memorias de Lord Cochrane 
500 |a v.14: don Bernardo O'Higgins. Apuntes históricos sobre la revolución de Chile 
500 |a v.15-17: Proceso a Gainza 
500 |a 21-22: Proceso por conspiración descubierta el 28 de Enero de 1813. Proclamas de la Junta Gubernativa con motivo de este proceso. Pastorales del Obispo de Epifania. Contestación de los misioneros de Chillan del Obispo de Epifania 
500 |a v.23: Documentosdel diario militar del general don José Miguel Carrera 
583 |a last modification  |c 20000519 00:00:00  |k Rodrigo Vera 
650 0 |a Historia de Chile  |9 265473 
650 0 |a Independencia   |9 344246 
650 7 |a Fuentes de la Historia  |2 CL-VaPUC  |9 255666  |x Historiografía  |z Chile 
852 |a BIBCUR 
942 |c BK  |2 ddc 
945 |d 20000519 00:00:00  |a crobeson 
952 |0 0  |1 0  |2 ddc  |4 0  |6 983_040000000000000_COL_1900  |7 0  |8 DER_HIS  |9 335488  |a BIBDER  |b BIBDER  |d 2019-11-20  |h v.1  |i 1922181  |l 1  |o 983.04 COL 1900  |p 1922181  |r 2023-01-25  |s 2020-03-19  |t 1  |w 2019-11-20  |x Ubicación 4to Piso  |y BK_X  |z Estos recursos deben solicitarse con anticipación  |k DER 
952 |0 0  |1 0  |2 ddc  |4 0  |6 983_040000000000000_COL_1900  |7 0  |8 X  |9 335489  |a BIBHIS  |b BIBHIS  |d 2019-11-20  |h v.1  |i 1388401  |o 983.04 COL 1900  |p 1388401  |r 2024-01-30  |t 2  |w 2019-11-20  |y BK_X  |k HIS 
952 |0 0  |1 0  |2 ddc  |4 0  |6 983_040000000000000_COL_1900  |7 0  |8 X  |9 335490  |a BIBHIS  |b BIBHIS  |d 2019-11-20  |h v.3  |i 1275690  |o 983.04 COL 1900  |p 1275690  |r 2024-01-30  |t 1  |w 2019-11-20  |y BK_X  |k HIS 
952 |0 0  |1 0  |2 ddc  |4 0  |6 983_040000000000000_COL_1900  |7 0  |8 X  |9 335491  |a BIBHIS  |b BIBHIS  |d 2019-11-20  |h v.6  |i 1275704  |o 983.04 COL 1900  |p 1275704  |r 2024-01-30  |t 1  |w 2019-11-20  |y BK_X  |k HIS 
952 |0 0  |1 0  |2 ddc  |4 0  |6 983_040000000000000_COL_1900  |7 0  |8 X  |9 335492  |a BIBHIS  |b BIBHIS  |d 2019-11-20  |h v.5  |i 1275712  |o 983.04 COL 1900  |p 1275712  |r 2024-01-30  |t 1  |w 2019-11-20  |y BK_X  |k HIS 
952 |0 0  |1 0  |2 ddc  |4 0  |6 983_040000000000000_COL_1900  |7 0  |8 X  |9 335493  |a BIBHIS  |b BIBHIS  |d 2019-11-20  |h v.26  |i 1275720  |o 983.04 COL 1900  |p 1275720  |r 2024-01-30  |t 1  |w 2019-11-20  |y BK_X  |k HIS 
952 |0 0  |1 0  |2 ddc  |4 0  |6 983_040000000000000_COL_1900  |7 0  |8 X  |9 335494  |a BIBHIS  |b BIBHIS  |d 2019-11-20  |h v.9  |i 1275739  |o 983.04 COL 1900  |p 1275739  |r 2024-01-30  |t 1  |w 2019-11-20  |y BK_X  |k HIS 
952 |0 0  |1 0  |2 ddc  |4 0  |6 983_040000000000000_COL_1900  |7 0  |8 X  |9 335495  |a BIBHIS  |b BIBHIS  |d 2019-11-20  |h v.4  |i 1275747  |o 983.04 COL 1900  |p 1275747  |r 2024-01-30  |t 1  |w 2019-11-20  |y BK_X  |k HIS 
952 |0 0  |1 0  |2 ddc  |4 0  |6 983_040000000000000_COL_1900  |7 0  |8 X  |9 335496  |a BIBHIS  |b BIBHIS  |d 2019-11-20  |h v.2  |i 1275755  |o 983.04 COL 1900  |p 1275755  |r 2019-11-20  |t 1  |w 2019-11-20  |y BK_X  |k HIS 
952 |0 0  |1 0  |2 ddc  |4 0  |6 983_040000000000000_COL_1900  |7 0  |8 X  |9 335497  |a BIBHIS  |b BIBHIS  |d 2019-11-20  |h v.20  |i 1275763  |o 983.04 COL 1900  |p 1275763  |r 2024-01-30  |t 1  |w 2019-11-20  |y BK_X  |k HIS 
952 |0 0  |1 0  |2 ddc  |4 0  |6 983_040000000000000_COL_1900  |7 0  |8 X  |9 335498  |a BIBHIS  |b BIBHIS  |d 2019-11-20  |h v.43  |i 1270389  |o 983.04 COL 1900  |p 1270389  |r 2024-01-30  |t 1  |w 2019-11-20  |y BK_X  |k HIS 
952 |0 0  |1 0  |2 ddc  |4 0  |6 983_040000000000000_COL_1900  |7 0  |8 X  |9 335499  |a BIBHIS  |b BIBHIS  |d 2019-11-20  |h v.40  |i 1270818  |o 983.04 COL 1900  |p 1270818  |r 2024-01-30  |t 1  |w 2019-11-20  |y BK_X  |k HIS 
952 |0 0  |1 0  |2 ddc  |4 0  |6 983_040000000000000_COL_1900  |7 0  |8 X  |9 335500  |a BIBHIS  |b BIBHIS  |d 2019-11-20  |h v.40  |i 1270826  |o 983.04 COL 1900  |p 1270826  |r 2024-01-30  |t 2  |w 2019-11-20  |y BK_X  |k HIS 
952 |0 0  |1 0  |2 ddc  |4 0  |6 983_040000000000000_COL_1900  |7 0  |8 X  |9 335501  |a BIBHIS  |b BIBHIS  |d 2019-11-20  |h v.39  |i 1270834  |o 983.04 COL 1900  |p 1270834  |r 2024-01-30  |t 1  |w 2019-11-20  |y BK_X  |k HIS 
952 |0 0  |1 0  |2 ddc  |4 0  |6 983_040000000000000_COL_1900  |7 0  |8 X  |9 335502  |a BIBHIS  |b BIBHIS  |d 2019-11-20  |h v.38  |i 1270842  |o 983.04 COL 1900  |p 1270842  |r 2024-01-30  |t 1  |w 2019-11-20  |y BK_X  |k HIS 
952 |0 0  |1 0  |2 ddc  |4 0  |6 983_040000000000000_COL_1900  |7 0  |8 X  |9 335503  |a BIBHIS  |b BIBHIS  |d 2019-11-20  |h v.37  |i 1270850  |o 983.04 COL 1900  |p 1270850  |r 2024-01-30  |t 1  |w 2019-11-20  |y BK_X  |k HIS 
952 |0 0  |1 0  |2 ddc  |4 0  |6 983_040000000000000_COL_1900  |7 0  |8 X  |9 335504  |a BIBHIS  |b BIBHIS  |d 2019-11-20  |h v.37  |i 1270869  |o 983.04 COL 1900  |p 1270869  |r 2024-01-30  |t 2  |w 2019-11-20  |y BK_X  |k HIS 
952 |0 0  |1 0  |2 ddc  |4 0  |6 983_040000000000000_COL_1900  |7 0  |8 X  |9 335505  |a BIBHIS  |b BIBHIS  |d 2019-11-20  |h v.36  |i 1270877  |o 983.04 COL 1900  |p 1270877  |r 2024-01-30  |t 1  |w 2019-11-20  |y BK_X  |k HIS 
952 |0 0  |1 0  |2 ddc  |4 0  |6 983_040000000000000_COL_1900  |7 0  |8 X  |9 335506  |a BIBHIS  |b BIBHIS  |d 2019-11-20  |h v.36  |i 1270885  |o 983.04 COL 1900  |p 1270885  |r 2024-01-30  |t 2  |w 2019-11-20  |y BK_X  |k HIS 
952 |0 0  |1 0  |2 ddc  |4 0  |6 983_040000000000000_COL_1900  |7 0  |8 X  |9 335507  |a BIBHIS  |b BIBHIS  |d 2019-11-20  |h v.35  |i 1270893  |o 983.04 COL 1900  |p 1270893  |r 2024-01-30  |t 1  |w 2019-11-20  |y BK_X  |k HIS 
952 |0 0  |1 0  |2 ddc  |4 0  |6 983_040000000000000_COL_1900  |7 0  |8 X  |9 335508  |a BIBHIS  |b BIBHIS  |d 2019-11-20  |h v.35  |i 1270907  |o 983.04 COL 1900  |p 1270907  |r 2024-01-30  |t 2  |w 2019-11-20  |y BK_X  |k HIS 
952 |0 0  |1 0  |2 ddc  |4 0  |6 983_040000000000000_COL_1900  |7 0  |8 X  |9 335509  |a BIBHIS  |b BIBHIS  |d 2019-11-20  |h v.32  |i 1270915  |o 983.04 COL 1900  |p 1270915  |r 2024-01-30  |t 1  |w 2019-11-20  |y BK_X  |k HIS 
952 |0 0  |1 0  |2 ddc  |4 0  |6 983_040000000000000_COL_1900  |7 0  |8 X  |9 335510  |a BIBHIS  |b BIBHIS  |d 2019-11-20  |h v.33  |i 1270923  |o 983.04 COL 1900  |p 1270923  |r 2024-01-30  |t 1  |w 2019-11-20  |y BK_X  |k HIS 
952 |0 0  |1 0  |2 ddc  |4 0  |6 983_040000000000000_COL_1900  |7 0  |8 X  |9 335511  |a BIBHIS  |b BIBHIS  |d 2019-11-20  |h v.31  |i 1270931  |o 983.04 COL 1900  |p 1270931  |r 2024-01-30  |t 1  |w 2019-11-20  |y BK_X  |k HIS 
952 |0 0  |1 0  |2 ddc  |4 0  |6 983_040000000000000_COL_1900  |7 0  |8 X  |9 335512  |a BIBHIS  |b BIBHIS  |d 2019-11-20  |h v.2  |i 1290525  |o 983.04 COL 1900  |p 1290525  |r 2019-11-20  |t 2  |w 2019-11-20  |y BK_X  |k HIS 
952 |0 0  |1 0  |2 ddc  |4 0  |6 983_040000000000000_COL_1900  |7 0  |8 X  |9 335513  |a BIBHIS  |b BIBHIS  |d 2019-11-20  |h v.3  |i 1290533  |o 983.04 COL 1900  |p 1290533  |r 2024-01-30  |t 2  |w 2019-11-20  |y BK_X  |k HIS 
952 |0 0  |1 0  |2 ddc  |4 0  |6 983_040000000000000_COL_1900  |7 0  |8 X  |9 335514  |a BIBHIS  |b BIBHIS  |d 2019-11-20  |h v.4  |i 1290541  |o 983.04 COL 1900  |p 1290541  |r 2024-01-30  |t 2  |w 2019-11-20  |y BK_X  |k HIS 
952 |0 0  |1 0  |2 ddc  |4 0  |6 983_040000000000000_COL_1900  |7 0  |8 X  |9 335515  |a BIBHIS  |b BIBHIS  |d 2019-11-20  |h v.5  |i 129055K  |o 983.04 COL 1900  |p 129055K  |r 2024-01-30  |t 2  |w 2019-11-20  |y BK_X  |k HIS 
952 |0 0  |1 0  |2 ddc  |4 0  |6 983_040000000000000_COL_1900  |7 0  |8 X  |9 335516  |a BIBHIS  |b BIBHIS  |d 2019-11-20  |h v.6  |i 1290568  |o 983.04 COL 1900  |p 1290568  |r 2024-01-30  |t 2  |w 2019-11-20  |y BK_X  |k HIS 
952 |0 0  |1 0  |2 ddc  |4 0  |6 983_040000000000000_COL_1900  |7 0  |8 X  |9 335517  |a BIBHIS  |b BIBHIS  |d 2019-11-20  |h v.7  |i 1290576  |o 983.04 COL 1900  |p 1290576  |r 2024-01-30  |t 1  |w 2019-11-20  |y BK_X  |k HIS 
952 |0 0  |1 0  |2 ddc  |4 0  |6 983_040000000000000_COL_1900  |7 0  |8 X  |9 335518  |a BIBHIS  |b BIBHIS  |d 2019-11-20  |h v.8  |i 1290584  |o 983.04 COL 1900  |p 1290584  |r 2024-01-30  |t 1  |w 2019-11-20  |y BK_X  |k HIS 
952 |0 0  |1 0  |2 ddc  |4 0  |6 983_040000000000000_COL_1900  |7 0  |8 X  |9 335519  |a BIBHIS  |b BIBHIS  |d 2019-11-20  |h v.9  |i 1290592  |o 983.04 COL 1900  |p 1290592  |r 2024-01-30  |t 2  |w 2019-11-20  |y BK_X  |k HIS 
952 |0 0  |1 0  |2 ddc  |4 0  |6 983_040000000000000_COL_1900  |7 0  |8 X  |9 335520  |a BIBHIS  |b BIBHIS  |d 2019-11-20  |h v.10  |i 1290606  |o 983.04 COL 1900  |p 1290606  |r 2024-01-30  |t 1  |w 2019-11-20  |y BK_X  |k HIS 
952 |0 0  |1 0  |2 ddc  |4 0  |6 983_040000000000000_COL_1900  |7 0  |8 X  |9 335521  |a BIBHIS  |b BIBHIS  |d 2019-11-20  |h v.11  |i 1290614  |o 983.04 COL 1900  |p 1290614  |r 2024-01-30  |t 1  |w 2019-11-20  |y BK_X  |k HIS 
952 |0 0  |1 0  |2 ddc  |4 0  |6 983_040000000000000_COL_1900  |7 0  |8 X  |9 335522  |a BIBHIS  |b BIBHIS  |d 2019-11-20  |h v.12  |i 1290622  |o 983.04 COL 1900  |p 1290622  |r 2024-01-30  |t 1  |w 2019-11-20  |y BK_X  |k HIS 
952 |0 0  |1 0  |2 ddc  |4 0  |6 983_040000000000000_COL_1900  |7 0  |8 X  |9 335523  |a BIBHIS  |b BIBHIS  |d 2019-11-20  |h v.13  |i 1290630  |o 983.04 COL 1900  |p 1290630  |r 2024-01-30  |t 1  |w 2019-11-20  |y BK_X  |k HIS 
952 |0 0  |1 0  |2 ddc  |4 0  |6 983_040000000000000_COL_1900  |7 0  |8 X  |9 335524  |a BIBHIS  |b BIBHIS  |d 2019-11-20  |h v.14  |i 1290649  |o 983.04 COL 1900  |p 1290649  |r 2024-01-30  |t 1  |w 2019-11-20  |y BK_X  |k HIS 
952 |0 0  |1 0  |2 ddc  |4 0  |6 983_040000000000000_COL_1900  |7 0  |8 X  |9 335525  |a BIBHIS  |b BIBHIS  |d 2019-11-20  |h v.15  |i 1290657  |o 983.04 COL 1900  |p 1290657  |r 2024-01-30  |t 1  |w 2019-11-20  |y BK_X  |k HIS 
952 |0 0  |1 0  |2 ddc  |4 0  |6 983_040000000000000_COL_1900  |7 0  |8 X  |9 335526  |a BIBHIS  |b BIBHIS  |d 2019-11-20  |h v.16  |i 1290665  |o 983.04 COL 1900  |p 1290665  |r 2024-01-30  |t 1  |w 2019-11-20  |y BK_X  |k HIS 
952 |0 0  |1 0  |2 ddc  |4 0  |6 983_040000000000000_COL_1900  |7 0  |8 X  |9 335527  |a BIBHIS  |b BIBHIS  |d 2019-11-20  |h v.17  |i 1290673  |o 983.04 COL 1900  |p 1290673  |r 2024-01-30  |t 1  |w 2019-11-20  |y BK_X  |k HIS 
952 |0 0  |1 0  |2 ddc  |4 0  |6 983_040000000000000_COL_1900  |7 0  |8 X  |9 335528  |a BIBHIS  |b BIBHIS  |d 2019-11-20  |h v.19  |i 1290681  |o 983.04 COL 1900  |p 1290681  |r 2024-01-30  |t 1  |w 2019-11-20  |y BK_X  |k HIS 
952 |0 0  |1 0  |2 ddc  |4 0  |6 983_040000000000000_COL_1900  |7 0  |8 X  |9 335529  |a BIBHIS  |b BIBHIS  |d 2019-11-20  |h v.20  |i 129069K  |o 983.04 COL 1900  |p 129069K  |r 2024-01-30  |t 2  |w 2019-11-20  |y BK_X  |k HIS 
952 |0 0  |1 0  |2 ddc  |4 0  |6 983_040000000000000_COL_1900  |7 0  |8 X  |9 335530  |a BIBHIS  |b BIBHIS  |d 2019-11-20  |h v.21  |i 1290703  |o 983.04 COL 1900  |p 1290703  |r 2024-01-30  |t 1  |w 2019-11-20  |y BK_X  |k HIS 
952 |0 0  |1 0  |2 ddc  |4 0  |6 983_040000000000000_COL_1900  |7 0  |8 X  |9 335531  |a BIBHIS  |b BIBHIS  |d 2019-11-20  |h v.22  |i 1290711  |o 983.04 COL 1900  |p 1290711  |r 2024-01-30  |t 1  |w 2019-11-20  |y BK_X  |k HIS 
952 |0 0  |1 0  |2 ddc  |4 0  |6 983_040000000000000_COL_1900  |7 0  |8 X  |9 335532  |a BIBHIS  |b BIBHIS  |d 2019-11-20  |h v.23  |i 129072K  |o 983.04 COL 1900  |p 129072K  |r 2024-01-30  |t 1  |w 2019-11-20  |y BK_X  |k HIS 
952 |0 0  |1 0  |2 ddc  |4 0  |6 983_040000000000000_COL_1900  |7 0  |8 X  |9 335533  |a BIBHIS  |b BIBHIS  |d 2019-11-20  |h v.24  |i 1290738  |o 983.04 COL 1900  |p 1290738  |r 2024-01-30  |t 1  |w 2019-11-20  |y BK_X  |k HIS 
952 |0 0  |1 0  |2 ddc  |4 0  |6 983_040000000000000_COL_1900  |7 0  |8 X  |9 335534  |a BIBHIS  |b BIBHIS  |d 2019-11-20  |h v.25  |i 1290746  |o 983.04 COL 1900  |p 1290746  |r 2024-01-30  |t 1  |w 2019-11-20  |y BK_X  |k HIS 
952 |0 0  |1 0  |2 ddc  |4 0  |6 983_040000000000000_COL_1900  |7 0  |8 X  |9 335535  |a BIBHIS  |b BIBHIS  |d 2019-11-20  |h v.26  |i 1290754  |o 983.04 COL 1900  |p 1290754  |r 2024-01-30  |t 2  |w 2019-11-20  |y BK_X  |k HIS